000 00309nam a22001337a 4500
008 170508b xxu||||| |||| 00| 0 eng d
020 _a9781422424018
041 _aeng
080 _23RD
_a34
100 _a15
101 _aSHJ
245 _aENVIRONMENTAL AND NATURAL RESOURCES
_cPEARSON, E
942 _2udc
_cBK
999 _c12997
_d12997